000 01554cam a22002413a 4500
001 5803
003 PGUSA
005 20140828083124.0
008 040601s2004||||xxu|||||s|||||000 e eng d
040 _aPGUSA
_beng
042 _adc
050 4 _aPR
100 1 _aMilne, A. A.
_q(Alan Alexander),
_d1882-1956
245 1 0 _aNot that it Matters
_h[electronic resource] /
_cA. A. Milne
260 _bProject Gutenberg,
_c2004
505 0 _aThe pleasure of writing -- Acacia Road -- My library -- The chase -- Superstition -- The charm of golf -- Goldfish -- Saturday to Monday -- The pond -- A seventeenth-century story -- Our learned friends -- A word for autumn -- A Christmas number -- No flowers by request -- The unfairness of things -- Daffodils -- A household book -- Lunch -- The friend of man -- The diary habit -- Midsummer day -- At the bookstall -- "Who's who" -- A day at Lord's -- By the sea -- Golden fruit -- Signs of character -- Intellectual snobbery -- A question of form -- A slice of fiction -- the label -- The profession -- Smoking as a fine art -- The path to glory -- A problem in ethics -- The happiest half-hours of life -- Natural science -- On going dry -- A misjudged game -- A doubtful character -- Thoughts on thermometers -- For a wet afternoon -- Declined with thanks -- On going into a house -- The ideal author.
506 _aPublic domain in the USA.
516 _aElectronic text
653 _aEnglish essays
830 0 _aProject Gutenberg
_v5803
856 4 0 _uhttp://www.gutenberg.org/ebooks/5803
942 _cEB
999 _c235131
_d235131